El hombre que calculaba

Guardat en:
Dades bibliogràfiques
Autor principal: Tahan, Malba (Autor)
Format: Llibre
Idioma:espanyol
Publicat: Barcelona Verón 1972
Matèries:
Etiquetes: Afegir etiqueta
Sense etiquetes, Sigues el primer a etiquetar aquest registre!

MARC

LEADER 00000nam a2200000 a 4500
001 UCH0698
003 CL-VaPUC
008 090320e19720000SP |||||||||||||||||spa|d
020 |a 8472550435 
082 0 4 |a 510  |b TAH  |2 21 
100 0 |a Tahan, Malba  |e author  |9 534964 
245 1 3 |a El hombre que calculaba 
300 |a 226 p 
942 |c BK 
945 |d 20090320 00:00:00  |a cmena 
260 |a Barcelona  |b Verón  |c 1972 
650 0 |a Matemática  |9 260235 
650 0 |a Filosofía de las ciencias  |9 256466 
650 0 |a Matemáticas  |x Enseñanza  |9 875527 
583 |a last modification  |c 20140403 04:56:04  |k Rodrigo Vera 
999 |c 332951  |d 332949 
952 |0 0  |1 0  |4 0  |6 510_000000000000000_TAH_1972  |7 0  |8 A  |9 421027  |a BIBEDU  |b BIBEDU  |d 2019-11-22  |i 4520505  |o 510 TAH 1972  |p 4520505  |r 2019-11-22  |w 2019-11-22  |y BK  |k LIT